000 00928nam a2200277Ia 4500
003 OSt
005 20220930093031.0
006 a|||||r|||| 00| 0
007 ta
008 220926b |||||||| |||| 00| 0 eng d
024 _a28586
037 _cTheses
040 _aCRL
_cCRL
_beng
041 _2eng
_aeng
100 _aYannawar Pravin B. Au.
_9550461
110 _aUniversity of Delhi. Faculty of Social Sciences. Department of Social Work
_9520300
245 0 _aStudy on mental health of spouses of persons with schizophrenia in a tertiary care hospital
260 _c2015
300 _aiv,231p.
_ap.
_ccm.
650 _a SOCIAL WORK
_935789
650 _aMENTAL ILLNESS
_933226
700 _a Batra Sushma Gu.
_9543957
700 _aUniversity of Delhi. Faculty of Social Sciences. Department of Social Work
_9520301
942 _cDIS
_2CC
999 _c884697
_d884697